|
|
|
|
| LEADER |
00000nab a2200000 a 4500 |
| 001 |
vtls001029112 |
| 003 |
SK-MaSNL |
| 005 |
20260304225147.0 |
| 008 |
040720e20010725xo 0 slo |
| 035 |
|
|
|a SL7666
|
| 040 |
|
|
|a SLLK
|b slo
|c SLLK
|e AACR2
|
| 041 |
0 |
|
|a slo
|
| 044 |
|
|
|a xo
|c SK
|
| 080 |
|
|
|a 551.577.6
|2 1981
|
| 100 |
1 |
|
|a Juriš, Robert
|4 aut
|9 275933
|
| 245 |
1 |
0 |
|a Po prívaloch vody obce zápasia s bahnom
|
| 518 |
|
|
|a 23.07.2001
|
| 650 |
0 |
7 |
|a búrky
|2 SLLK
|9 28994
|
| 650 |
0 |
7 |
|a prietrže mračien
|2 SLLK
|9 881331
|
| 650 |
0 |
7 |
|a škody
|2 SLLK
|9 276699
|
| 650 |
0 |
7 |
|a reportáže
|2 SLLK
|9 75670
|
| 651 |
|
7 |
|a Mníšek nad Popradom (Slovensko)
|2 SLLK
|9 56911
|
| 655 |
|
7 |
|a periodikum
|2 snkbucl
|9 29553
|
| 700 |
1 |
|
|a Juriš, Robert
|4 fot
|9 275933
|
| 773 |
0 |
8 |
|t Sme
|g Roč. 9, č.170, 25.7.2001, s. 4
|
| 852 |
|
|
|a ZVYKNI
|b KIS3GCP
|
| 999 |
|
|
|c 3175977
|d 3177907
|